Countries With NO Repeated Letters - Statistics

General Stats
  • This quiz has been taken 220 times
  • The average score is 42 of 54
Answer Stats
Hint Answer % Correct
Iran
93%
Iraq
93%
China
92%
Oman
92%
Chile
91%
France
90%
Norway
90%
Spain
90%
Ireland
88%
Italy
88%
I Iceland
86%
Chad
85%
Egypt
85%
Peru
85%
Poland
85%
Denmark
83%
Mali
83%
Germany
82%
Portugal
82%
Brazil
81%
Israel
81%
Laos
81%
Cuba
78%
Hungary
78%
Jordan
78%
Mexico
78%
Sudan
78%
Nepal
77%
Kuwait
76%
Libya
76%
Vietnam
76%
Belgium
75%
Kenya
75%
Turkey
75%
Syria
74%
Bhutan
73%
Cyprus
73%
Niger
73%
Tonga
73%
Estonia
72%
Belarus
71%
Gabon
71%
Serbia
71%
Ecuador
69%
Slovenia
67%
Suriname
67%
Guinea
65%
Singapore
65%
Switzerland
65%
Ukraine
65%
Honduras
64%
Brunei
63%
Uzbekistan
54%
Maldives
41%
No matching quizzes found
Score Distribution
Percent of People with Each Score
Percentile by Number Answered
Your Score History
You have not taken this quiz